02073cam a22004454i 4500003000900000005001700009008004100026020001500067035002700082040003300109049000900142082002000151245005600171264006500227300003700292336002100329337002500350338002300375505053700398526001000935526001000945526001000955526001000965526000800975526000800983526000800991526000800999526000801007526000801015526000801023650002801031700002701059942001401086949012901100994001401229596000601243999015501249980005501404952016801459PE-LiUPU20250731173131.0150623s r 000 0 d a0816308160 a(Sirsi) i9780816308163 aPE-LiUPUbspacPE-LiUPUerda aPRUA04a241.52bL5522100aLyrics of love God's top ten /cB. Russell Holt ed. 1aBoise, Idaho :bPacific Press Publishing Association,c1988. a92 páginas ;c20 centímetros atext2rdacontent aunmediated2rdamedia avolume2rdacarrier0 aCan't we live as we please?. Why does God have to be number one?. The first conmandement. Four ways to spot your false Gods. The second commandment. The perils of profanity. The third commandment. Jubilee of the world. The fourth commandment. How good people get over bad parents. The fifth commandment. Raising Cain-the killer in all of us. The sixth commandment. Safe sex. The seventh commandment. Beg, borrow or steal?. The eighth commandment. When the truth is a lie. The ninth commandment. Thought crime. The tenth commandment. aSEG42 aSEG41 aSEG40 aSEG39 aP94 aP87 aP86 aP85 aP77 aP76 aP3504aDiez mandamientos.99251 aHolt, B. Russell,eed. 2ddccBOOK a241.52 L55wDEWEYc1i51607lCCODEBUL1mBULp8.00r0sYtBOOKu2015-6-24xTEOLOGIAPP350COMPRAo.STAFF. Colección General aC0bPEPRU a1 a241.52 L55wDEWEYc33340i51607f2021-11-10g5lCCODEBUL1mBULp8.00r0sYtBOOKu2015-6-24xTEOLOGIAPP350COMPRAo.STAFF. Colección Generald33340 81gALBERTO SANCHEZ Responsable de Automatización r2025-12-03 00:00:00i6l0o241.52 L55p51607te1v13.00w2015-06-24xFTyBKzinventario-2023-12-13102ddc50708GENfP35aBULbBULcGENd2015-06-24eCOMPRAg8.00